vufinder Bibliothèque Municipale de Charleval de Provence
Se connecter
« Retourner aux résultats de recherche

Histoire des Juifs en France

du Moyen Age à nos jours

Book Cover
Auteur principal: Michel Abitbol
Support: Livres
Langue: Francais
Genre: Documentaire
Sujets:
Étiquettes: Ajouter
Pas de Tags !

LEADER 00938nam0a2200193 450
001 16848312
010 |a 978-2-262-07915-4  |b br.  |d 25 € 
100 |a 20231018d2024 u u0frey01 ba 
101 0 |a fre 
102 |a FR 
200 0 |a Histoire des Juifs en France  |e du Moyen Age à nos jours  |f Michel Abitbol 
207 1 |a   
215 |a 1 vol. (553 p.)  |c illustrations en noir et blanc, cartes  |d 24 x 16 cm 
300 |a Glossaire. Bibliogr. Index 
330 |a Synthèse historique depuis l'époque gallo-romaine jusqu'aux attentats perpétrés par Amedy Coulibaly en janvier 2015 pour expliquer l'attitude complexe, voire ambiguë, de la France envers la communauté juive, entre protection, respect, exclusion et persécutions. Electre 2024 
700 0 |a Abitbol  |b Michel  |4 70 
900 |a Documentaire 
901 |a Accessible au prêt 
995 |a Bibliothèque  |c Bibliothèque  |f 00156011593514  |h 00156011593514  |k 909.04924 ABI  |o p  |q a  |r az  |e Bibliothèque 

Options de recherche

Historique de recherche
Recherche avancée

Trouver plus

Nouveautés

Besoin d'aide ?

Contacter un bibliothécaire